000 01493nam a22003137a 4500
005 20080918163843.0
008 080918t xxu||||| |||| 00| 0 hin d
010 _aHIN-92752
020 _c400.00
_a9788190504989
035 _aHN-65098
037 _bDBAD / PUB
040 _aDPL
_bHN
082 _a158.1
100 _9747
_aशर्मा, पवित्र कुमार
245 _aकैसे बनें सफल /
_cपवित्र कुमार शर्मा
246 _aKaise Banen safal
_bby Pavitira Kumar Sharma
260 _aदिल्ली
_bकंचन प्रकाशन
_c2010
270 _a1635/2, गली नं-6, महावीर ब्लाक, भोलानाथ नगर,. शाहदरा
_bदिल्ली
_e110032
300 _a240पृ.
_c22सेमी (सजिल्द)
650 _9697
650 _9698
700 _927881
700 _927882
700 _927883
942 _2ddc
_cHN
_mशर्माप
_h158.1
999 _c52553
_d52553